| 000 -LEADER |
| fixed length control field |
00735nam a2200241 a 4500 |
| 008 - FIXED-LENGTH DATA ELEMENTS--GENERAL INFORMATION |
| fixed length control field |
191121t2013 xxua|||g |||| 00| 0 eng d |
| 020 ## - INTERNATIONAL STANDARD BOOK NUMBER |
| International Standard Book Number |
9781451652178 |
| Terms of availability |
Rs. 550.00 |
| 040 ## - CATALOGING SOURCE |
| Original cataloging agency |
IMU Kochi Library |
| Language of cataloging |
eng |
| 041 0# - LANGUAGE CODE |
| Language code of text/sound track or separate title |
eng |
| 044 ## - COUNTRY OF PUBLISHING/PRODUCING ENTITY CODE |
| MARC country code |
United States |
| 082 04 - DEWEY DECIMAL CLASSIFICATION NUMBER |
| Edition number |
23 |
| Classification number |
174.4 |
| Item number |
C8382 |
| 100 1# - MAIN ENTRY--PERSONAL NAME |
| Personal name |
Covey, Stephen M. R. |
| 245 10 - TITLE STATEMENT |
| Title |
Smart Trust : |
| Sub Title |
the defining skill that transforms managers into leaders / |
| 260 ## - PUBLICATION, DISTRIBUTION, ETC. (IMPRINT) |
| Place of publication, distribution, etc |
New York : |
| Name of publisher, distributor, etc |
Free Press (Simon & Schuster Inc. , |
| Date of publication, distribution, etc |
2013 |
| 300 ## - PHYSICAL DESCRIPTION |
| Extent |
xxiii, 295 p. : |
| Other physical details |
ill. ; |
| Dimensions |
21 cm |
| 650 #0 - SUBJECT ADDED ENTRY--TOPICAL TERM |
| Topical term or geographic name as entry element |
Business ethics |
| 650 #0 - SUBJECT ADDED ENTRY--TOPICAL TERM |
| Topical term or geographic name as entry element |
Trust |
| 700 ## - ADDED ENTRY--PERSONAL NAME |
| Personal name |
Link, Greg |
| Relator term |
Joint Author |
| 700 ## - ADDED ENTRY--PERSONAL NAME |
| Personal name |
Merrill, Rebecca R. |
| Relator term |
Joint Author |
| 852 ## - LOCATION/CALL NUMBER |
| Location |
IMU Kochi Library |
| 904 ## - LOCAL DATA ELEMENT D, LDD (RLIN) |
| CATALOGER |
Akhil Bose |
| 942 ## - ADDED ENTRY ELEMENTS (KOHA) |
| Item type |
Books |